Codigo de la Republica Dominicana: modificado por la ley 479-08 sobre sociedades comerciales y empresas individuales de responsabilidad limitada, promulgada el 11 de diciembre 2008 (Registro nro. 11664)

Detalles MARC
000 -LEADER
fixed length control field 00622nam a22001811a 4500
001 - CONTROL NUMBER
control field 11664
003 - CONTROL NUMBER IDENTIFIER
control field OSt
005 - DATE AND TIME OF LATEST TRANSACTION
control field 20260204212251.0
008 - FIXED-LENGTH DATA ELEMENTS--GENERAL INFORMATION
fixed length control field 130503s2008||||dr ||||||b||||||||||spa||
050 ## - LIBRARY OF CONGRESS CALL NUMBER
Classification number RD 343.07 R299c
100 ## - ASIENTO PRINCIPAL -- NOMBRE PERSONAL
Personal name Republica Dominicana
245 ## - TÍTULO PROPIAMENTE DICHO: SUBTÍTULO
Title Codigo de la Republica Dominicana: modificado por la ley 479-08 sobre sociedades comerciales y empresas individuales de responsabilidad limitada, promulgada el 11 de diciembre 2008
264 ## - PRODUCTION, PUBLICATION, DISTRIBUTION, MANUFACTURE, AND COPYRIGHT NOTICE
Place of production, publication, distribution, manufacture República Dominicana : Is. L
300 ## - PHYSICAL DESCRIPTION
Extensión 338 P
500 ## - GENERAL NOTE
General note Incluye bibliografia
650 ## - ASIENTO SECUNDARIO DE MATERIA -- TERMINO TEMÁTICO
Termino Temático Como Elemento de Entrada DERECHO COMERCIAL2.CODIGO DE COMERCIOÌ
942 ## - ADDED ENTRY ELEMENTS (KOHA)
Source of classification or shelving scheme Dewey Decimal Classification
Koha item type Libros
Existencias
Withdrawn status Lost status Source of classification or shelving scheme Damaged status Not for loan Current library Date acquired Total Checkouts Full call number Barcode Date last seen Price effective from Koha item type
    Dewey Decimal Classification     Biblioteca UTECO 09/09/2019   RD 343.07 R299C 016845 09/09/2019 09/09/2019 Libros
    Dewey Decimal Classification     Biblioteca UTECO 09/09/2019   RD 343.07 R299C 016846 09/09/2019 09/09/2019 Libros
© 2021 Derechos Reservados UTECO - Teléfono: +1 809-585-2291 - Correo electrónico: biblioteca@uteco.edu.do​  
Código postal 43000 ​​
Dirección: Avenida Universitaria No. 100, 
Cotuí, Provincia Sánchez Ramírez, República Dominicana - RNC: 404-00059-6